| 000 | 00622nam a2200181 4500 | ||
|---|---|---|---|
| 001 | 132236 | ||
| 003 | ES-MaACL | ||
| 005 | 20230906194132.0 | ||
| 007 | t| | ||
| 008 | 070214s1946 pe r ||||1| spa d | ||
| 100 | 1 |
_aRomero, Emilia. _999319 |
|
| 245 | 1 | 0 |
_aIndice de los `Documentos` de Odriozola / _cpor Emilia Romero. |
| 260 |
_aLima : _bCia. de Impresiones y Publicidad, _c1946. |
||
| 300 |
_a193 p. ; _c25 cm. |
||
| 500 | _aEs tirada aparte del BoletÃn Bibliográfico de la Universidad de San Marcos de Lima. | ||
| 710 | 2 |
_aUniversidad Nacional Mayor de San Marcos. _97431 |
|
| 852 |
_aES-MaACL _jC-5559 _bR.26105 |
||
| 999 |
_c132236 _d132236 |
||